Statistics for Most Popular Pets

Click here to take the quiz!

General Stats

  • This quiz has been taken 48 times
  • The average score is 7 of 10

Answer Stats

HintAnswer% Correct
#2Cat
100%
#1Dog
100%
#4Fish
90%
#3Hamster
90%
#7Bird
83%
#8Snake
80%
#6Guinea pig
71%
#5Mouse
59%
#10Ferret
44%
#9Iguana
29%

Score Distribution

Percentile by Number Answered

Percent of People with Each Score

Your Score History

You have not taken this quiz